Television and radio announcing / (Record no. 185222)
[ view plain ]
| 000 -LEADER | |
|---|---|
| fixed length control field | 00991 a2200217 4500 |
| 003 - CONTROL NUMBER IDENTIFIER | |
| control field | Nust |
| 005 - DATE AND TIME OF LATEST TRANSACTION | |
| control field | 20230330105118.0 |
| 010 ## - LIBRARY OF CONGRESS CONTROL NUMBER | |
| LC control number | 78069615 |
| 020 ## - INTERNATIONAL STANDARD BOOK NUMBER | |
| International Standard Book Number | 0395271088 |
| 040 ## - CATALOGING SOURCE | |
| Transcribing agency | Nust |
| 082 00 - DEWEY DECIMAL CLASSIFICATION NUMBER | |
| Classification number | 791.453,HYD |
| 100 1# - MAIN ENTRY--PERSONAL NAME | |
| Personal name | Hyde, Stuart Wallace |
| 9 (RLIN) | 111570 |
| 245 10 - TITLE STATEMENT | |
| Title | Television and radio announcing / |
| Statement of responsibility, etc. | Stuart W. Hyde. |
| 250 ## - EDITION STATEMENT | |
| Edition statement | 3d ed. |
| 260 ## - PUBLICATION, DISTRIBUTION, ETC. | |
| Place of publication, distribution, etc. | Boston : |
| Name of publisher, distributor, etc. | Houghton Mifflin, |
| Date of publication, distribution, etc. | c1979. |
| 300 ## - PHYSICAL DESCRIPTION | |
| Extent | xii, 467 p. : |
| Other physical details | ill. ; |
| Dimensions | 25 cm. |
| 505 ## - FORMATTED CONTENTS NOTE | |
| Formatted contents note | Electronic Communication (Page-1), The Announcer Communicator (Page-16), The International Alphabet (Page-58), Voice and Diction (Page-82), Foreign pronunciation (Page-114), The Technical Side (Page-166), America English usage (Page-202), The New Language (Page-223), Interviewing (Page-249), Commercial Announcements (Page-286), Broadcast Journalism (Page-338), Music Announcing (Page-405), Sport Announcing (Page-424). |
| 650 #0 - SUBJECT ADDED ENTRY--TOPICAL TERM | |
| Topical term or geographic name entry element | Radio announcing. |
| 9 (RLIN) | 111571 |
| 650 #0 - SUBJECT ADDED ENTRY--TOPICAL TERM | |
| Topical term or geographic name entry element | Television announcing. |
| 9 (RLIN) | 111572 |
| 942 ## - ADDED ENTRY ELEMENTS (KOHA) | |
| Source of classification or shelving scheme | |
| Koha item type | Book |
| Withdrawn status | Lost status | Source of classification or shelving scheme | Damaged status | Not for loan | Permanent Location | Current Location | Shelving location | Date acquired | Full call number | Barcode | Date last seen | Price effective from | Koha item type | Public note |
|---|---|---|---|---|---|---|---|---|---|---|---|---|---|---|
| Military College of Signals (MCS) | Military College of Signals (MCS) | General Stacks | 12/12/2016 | 791.453,HYD | MCS6816 | 12/08/2016 | 12/12/2016 | Book | Almirah No.75, Shelf No.3 |
